2024年 侍ジャパン 欧州代表戦メンバー - Statistics

General Stats
  • This quiz has been taken 123 times
  • The average score is 8 of 28
Answer Stats
背番号 選手名(フルネーム) % Correct
55 村上宗隆
55%
1 森下翔太
52%
31 坂倉将吾
48%
66 万波中正
48%
6 源田壮亮
40%
51 小園海斗
39%
50 山本祐大
38%
8 近藤健介
38%
13 宮城大弥
36%
7 中野拓夢
33%
61 平良海馬
32%
22 古賀悠斗
31%
24 紅林弘太郎
27%
21 隅田知一郎
26%
10 宗山塁
25%
19 金丸夢斗
23%
11 山下舜平大
20%
25 石川昂弥
19%
3 西川史礁
19%
20 栗林良吏
18%
60 田村俊介
17%
28 中村優斗
15%
18 森下暢仁
13%
15 松山晋也
12%
16 種市篤暉
12%
9 塩見泰隆
12%
23 渡辺翔太
11%
59 根本悠楓
11%
No matching quizzes found
Score Distribution
Percent of People with Each Score
Percentile by Number Answered
Your Score History
You have not taken this quiz